| 000 | 00484pab a2200181 454500 | ||
|---|---|---|---|
| 008 | 180718b2012 xxu||||| |||| 00| 0 eng d | ||
| 100 | _aDurairaj, K. | ||
| 245 | _aDo exchange rate and its volatility deter foreign direct investment (FDI) to India | ||
| 260 | _c2012 | ||
| 300 | _ap.130-143. | ||
| 362 | _aApr-Jun | ||
| 650 | _aForeign investment | ||
| 650 | _aExchange rates | ||
| 700 | _aNirmala, V. | ||
| 773 | _aIndian Economic Journal | ||
| 908 | _aN | ||
| 909 | _a101457 | ||
| 999 |
_c101455 _d101455 |
||